000
00210 a2200097 4500
001
41924
100
_a
New Age
245
_a
Denis Compton's Annual
260
_a
_b
Stanley Paul & Co.
_c
090
_c
25988
_d
25988
942
_a
NUST-CAE
_c
M
_c
17766
999
_c
276997
_d
276997